| 000 | 00399nam a2200157Ia 4500 | ||
|---|---|---|---|
| 008 | 230917s9999||||xx |||||||||||||| ||und|| | ||
| 040 |
_e115629 _aMAIN |
||
| 041 | _aEnglish | ||
| 082 | _a824.2 M83U | ||
| 100 | _aMore, Thomas | ||
| 245 | 0 | _aUtopia: A revised translation of backgrounds criticism | |
| 250 | _a2nd ed. | ||
| 260 |
_aNew York _bW W Norton _c2003 |
||
| 300 | _a260 p. | ||
| 942 | _cBK | ||
| 999 |
_c144028 _d144028 |
||